000 00945nam a2200241Ia 4500
001 21602
005 20260420124108.0
008 260320s9999||||xx |||||||||||||| ||und||
020 _a9681318587
041 _aESP
082 _a658.85
_bM22 P. 2
100 _aMandino, Og,
_eAUT
245 0 _aEl vendedor más grande del mundo :
_bel fin de la historia
250 _aPrimera edición
260 _aMéxico, D. F. :
_bDiana,
_c1988
300 _a157 páginas :
_c19 cm.
650 _aTCA
653 _aAdministración; Arte de vender
654 _aCCO
856 _uhttps://0u213x74l-y-https-ebooks7--24-com.itmsp.museknowledge.com/visorBook.aspx?i=16516&t=C8B1BC01-8914-4164-A026-EEA1F57E2020
_zVéase además: Procesos de venta, por Ramón Colet Areán. Versión digital
856 _uhttps://itmsp.museknowledge.com/UCSP?groupID=2&action=source&sourceID=eBooks724
_zVéase además: Base de datos Ebook7-24
942 _cLIB
_dJUS
_fTRC
_2ddc
999 _c21602
_d21602